1832 1473 1972 1276 1268 1455 1663 1974 1587 1224 1243 1405 1092 1049 1967 1746 1051 1904 1077 1684 1928 1579 1723 1767 1524 1246 1936 1126 1156 1962 1080 1921 1927 1155 1004 1350 1979 1522 1481 1009 1280 1772 1908 1242 1073 1187 1912 1285 1932 1843 1279 1867 1121 1959 1677 1607 1225 1172 1276 1197 1620 1504 1491 1370 1229 1358 1406 1767 1614 1130 1694 1248 1116 1051 1836 1742 1633 1988 1034 1546 1570 1773 1129 1504 1264 1034 1372 1877 1703 1881 1177 1996 1869 1934 1339 1168 1383 1887 1481 BCNSPRNW ULIB Ver.6.0+V

เปลี่ยนเป็นภาษาไทย

Change to English
 แสดงรายละเอียดบรรณานุกรม
  กลับหน้าหลัก

Brief Record : Get Marc (ISO 2709) : E-mail record : QR code < ปิดหน้าต่าง
LEADER : 00000nam 2200000uu 4500
001    13399127196
003     ULIB
008    191021s2562||||th 000 0 tha d
020 ^- ^a9786164577534
050 ^- ^aนว.^bจ756ร
100 0^ aเจ้าหญิงละเมอ.
245 10 ^aรักนะครับคุณชายซกมก /^cเจ้าหญิงละเมอ.
250 ^- ^aพิมพ์ครั้งที่ 1.
260 ^- ^aกรุงเทพฯ :^bมีดี,^c2562
300 ^- ^a375 หน้า.
945    ^p300^l0^i27888
999    ^aกัณชพร จุลอักษร
รายการนี้ยังไม่มีแท็ก
คุณยังไม่ได้ล็อกอิน คุณสามารถมีกิจกรรมร่วมกับเว็บไซต์ได้ แต่ต้องล็อกอินก่อน ::
  ล็อกอิน

รายการสื่อสารสนเทศ

ลำดับที่ ประเภท เลขเรียก/บาร์โค้ด สถานที่ สถานะ
1. วิทยาศาสตร์การแพทย์ และสุขภาพ
วิทยาศาสตร์การแพทย์ และสุขภาพ
นว. จ756ร ฉ.1 
  Barcode: 27888
ห้องสมุดวิทยาเขตนครสวรรค์
►นวนิยาย:l:Fiction
บนชั้น

BibComment


ยังไม่เคยถูกคอมเมนท์

คอมเมนท์ทรัพยากรรายการนี้
  คอมเมนท์: รักนะครับคุณชายซ..


 Copyright 2026. Bcnsprnw @Library